Every Song by Huey Lewis and the News - Statistics

General Stats
  • This quiz has been taken 23 times
  • The average score is 13 of 92
Answer Stats
Album Song % Correct
Fore!(1986) Hip to Be Square
81%
Fore!(Bonus)(1986) The Power of Love
81%
Live at 25(2005) Back in Time
63%
Small World(1988) Small World (Part Two)
63%
Sports(1983) I Want a New Drug
56%
Sports(1983) If This Is It
50%
Plan B(2001) Plan B"
50%
Sports(1983) The Heart of Rock & Roll
50%
Sports(1983) Heart and Soul
44%
Fore!(1986) Stuck with You
38%
Picture This(1982) Do You Believe in Love
38%
Picture This(1982) Workin' for a Livin'
38%
Small World(1988) Perfect World
31%
Soulsville(2010) Soulsville
31%
Sports(1983) Walking on a Thin Line
31%
Sports(1983) Bad is Bad
25%
Fore!(1986) Doing It All for My Baby
25%
Sports(1983) Finally Found a Home
19%
Fore!(1986) I Know What I Like
19%
Hard at Play(1991) Couple Days Off
13%
Fore!(1986) Forest for the Trees
13%
Small World(1988) Give Me the Keys (And I'll Drive You Crazy)
13%
Huey Lewis and the News(1980) Hearts
13%
Weather(2020) I Am There for You
13%
Picture This(1982) Is It Me
13%
Hard at Play(1991) It Hit Me Like a Hammer
13%
Huey Lewis and the News(1980) I Want You
13%
Non-Album(1979) Kick Back
13%
Small World(1988) Small World (Part One)
13%
Fore!(1986) Whole Lotta Lovin'
13%
Sports(1983) You Crack Me Up
13%
Time Flies... The Best of Huey Lewis & the News(1996) 100 Years from Now
6%
Hard at Play(1991) Attitude
6%
Hard at Play(1991) Best of Me
6%
Small World(1988) Better Be True
6%
Small World(1988) Bobo Tempo
6%
Picture This(1982) Change of Heart
6%
Soulsville(2010) Cry to Me
6%
Huey Lewis and the News(1980) Don't Ever Tell Me That You Love Me
6%
Hard at Play(1991) Don't Look Back
6%
Huey Lewis and the News(1980) Don't Make Me Do It
6%
Hard at Play(1991) Do You Love Me, or What?
6%
Non-Album(1979) Exo-Disco
6%
Soulsville(2010) Free
6%
Hard at Play(1991) He Don't Know
6%
Weather(2020) Her Love is Killin' Me
6%
Picture This(1982) Hope You Love Me Like You Say You Do
6%
Plan B(2001) I Ain't Perfect
6%
Huey Lewis and the News(1980) If You Really Love Me You'll Let Me
6%
Plan B(2001) I'm Not in Love Yet
6%
Plan B(2001) I Never Think About You
6%
Soulsville(2010) I Want To (Do Everything for You)
6%
Plan B(2001) Let Her Go and Start Over
6%
Plan B(2001) My Other Woman
6%
Fore!(1986) Naturally
6%
Huey Lewis and the News(1980) Now Here's You
6%
Small World(1988) Old Antone's
6%
Weather(2020) One of the Boys
6%
Weather(2020) Remind Me Why I Love You Again
6%
Small World(1988) Slammin'
6%
Plan B(2001) So Little Kindness
6%
Huey Lewis and the News(1980) Some of My Lies are True (Sooner or Later)
6%
Huey Lewis and the News(1980) Stop Trying
6%
Picture This(1982) Tell Me a Little Lie
6%
Plan B(2001) Thank You, No. 19
6%
Hard at Play(1991) That's Not Me
6%
Picture This(1982) The Only One
6%
Plan B(2001) The Rhythm Ranch
6%
Hard at Play(1991) Time Ain't Money
6%
Huey Lewis and the News(1980) Trouble in Paradise
6%
Small World(1988) Walking with the Kid
6%
Hard at Play(1991) We Should Be Making Love
6%
Picture This(1982) Whatever Happened to True Love
6%
Weather(2020) While We're Young
6%
Huey Lewis and the News(1980) Who Cares?
6%
Small World(1988) World to Me
6%
Hard at Play(1991) Build Me Up
0%
Soulsville(2010) Don't Fight It
0%
Soulsville(2010) Don't Let the Green Grass Fool You
0%
Soulsville(2010) Got to Get You Off My Mind
0%
Soulsville(2010) Grab This Thing
0%
Weather(2020) Hurry Back Baby
0%
Soulsville(2010) Just One More Day
0%
Soulsville(2010) Just the One (I've Been Looking For)
0%
Soulsville(2010) Little Sally Walker
0%
Soulsville(2010) Never Found a Girl
0%
Soulsville(2010) Never Like This Before
0%
Weather(2020) Pretty Girls Everywhere
0%
Soulsville(2010) Respect Yourself
0%
Time Flies... The Best of Huey Lewis & the News(1996) Til the Day After
0%
Plan B(2001) We're Not Here for a Long Time (We're Here for a Good Time)
0%
Time Flies... The Best of Huey Lewis & the News(1996) When the Time Has Come
0%
No matching quizzes found
Score Distribution
Percent of People with Each Score
Percentile by Number Answered
Your Score History
You have not taken this quiz